Central Library OPAC University of Rajshahi
Normal view MARC view

Entry Personal Name

Number of records used in: 1

001 - CONTROL NUMBER

  • control field: 18484

003 - CONTROL NUMBER IDENTIFIER

  • control field: BD-RjUL

005 - DATE AND TIME OF LATEST TRANSACTION

  • control field: 20260514121532.0

008 - FIXED-LENGTH DATA ELEMENTS

  • fixed length control field: 260514|| aca||aabn | a|a d

040 ## - CATALOGING SOURCE

  • Original cataloging agency: BD-RjUL
  • Transcribing agency: BD-RjUL

100 ## - HEADING--PERSONAL NAME

  • Personal name: عدم، عبدالحمید, Adam, Abd-al-Ḥamīd

670 ## - SOURCE DATA FOUND

  • Source citation: Work cat.: (BD-RjUL)86479: عدم، عبدالحمید, Adam, Abd-al-Ḥamīd , خرابات خرابات /Kharābāt /